000 00332 a2200157 4500
001 187674
020 _a85-305-0240-X
040 _cMagnum
100 _aGaldino, Luiz de Alvarenga
240 1 0 _aPrimeiro amor
_lpor
245 1 0 _aPrimeiro amor
300 _a127
362 0 _a2001
697 _aLITERATURA JUVENIL
942 _cBK
999 _c187674
_d187674